| 000 -LEADER |
| fixed length control field |
00744cam a2200217 i 4500 |
| 001 - CONTROL NUMBER |
| control field |
19149163 |
| 005 - DATE AND TIME OF LATEST TRANSACTION |
| control field |
20221108164339.0 |
| 008 - FIXED-LENGTH DATA ELEMENTS--GENERAL INFORMATION |
| fixed length control field |
160623s2017 enk b 001 0 eng |
| 020 ## - INTERNATIONAL STANDARD BOOK NUMBER |
| International Standard Book Number |
9781780648873x |
| 041 ## - LANGUAGE CODE |
| Language code of text/sound track or separate title |
eng |
| 080 ## - UNIVERSAL DECIMAL CLASSIFICATION NUMBER |
| Universal Decimal Classification number |
338.22+796 S-68 |
| 100 1# - MAIN ENTRY--PERSONAL NAME |
| Personal name |
Smith, Stephen L. J., |
| Dates associated with a name |
|
| 9 (RLIN) |
14427 |
| 245 10 - TITLE STATEMENT |
| Title |
Practical tourism research / |
| Statement of responsibility, etc. |
by Stephen L.J. Smith, University of Guelph, Canada. |
| 250 ## - EDITION STATEMENT |
| Edition statement |
Second edition. |
| 264 #1 - PRODUCTION, PUBLICATION, DISTRIBUTION, MANUFACTURE, AND COPYRIGHT NOTICE |
| Place of production, publication, distribution, manufacture |
Boston, MA : |
| Name of producer, publisher, distributor, manufacturer |
CABI, |
| Date of production, publication, distribution, manufacture, or copyright notice |
[2017]. |
| 300 ## - PHYSICAL DESCRIPTION |
| Extent |
xv, 268 pages ; |
| Dimensions |
25 cm. |
| 504 ## - BIBLIOGRAPHY, ETC. NOTE |
| Bibliography, etc. note |
Includes bibliographical references and index. |
| 650 #0 - SUBJECT ADDED ENTRY--TOPICAL TERM |
| Topical term or geographic name entry element |
Tourism |
| General subdivision |
Research |
| -- |
Methodology. |
| 9 (RLIN) |
9718 |
| 650 #0 - SUBJECT ADDED ENTRY--TOPICAL TERM |
| Topical term or geographic name entry element |
პრაქტიკული ტურიზმის კვლევა |
| 9 (RLIN) |
14428 |
| 942 ## - ADDED ENTRY ELEMENTS (KOHA) |
| Source of classification or shelving scheme |
|
| Koha item type |
წიგნი |